| 000 | 00885nam a2200229 a 4500 | ||
|---|---|---|---|
| 001 | 74312 | ||
| 003 | BD-RjUL | ||
| 005 | 20211209082533.0 | ||
| 008 | 180703s2017 bg ||||| |||| 00| 0 ben d | ||
| 020 |
_a9789849292906 _cTk.500.00 |
||
| 035 | _a(BD-RjUL)74530 | ||
| 040 |
_aBD-RjUL _beng _cBD-RjUL |
||
| 041 | _aben | ||
| 082 |
_223 _a891.443581 _bHUS 2017 |
||
| 100 | 1 |
_aহুসাইন, সা'দত _9221603 |
|
| 245 | 1 | 0 |
_aছেঁড়া কথায় উড়াল ফানুষ / _cসা'দত হুসাইন |
| 260 |
_aঢাকা : _bবিশ্বসাহিত্য ভবন , _c২০১৭ |
||
| 300 |
_a২৩৫ পৃ. ; _c২২ সেমি. |
||
| 650 |
_aবাংলা সাহিত্য _vরাজনীতি ত্ত সমালোচনা _9221604 |
||
| 650 |
_aBengali Literature _vPolitical Criticism _9221605 |
||
| 942 |
_2ddc _cBK |
||
| 999 |
_c74312 _d74312 |
||